Informe territorial de la província de Barcelona 2001 : avanç 2002 avanç 2002
Descripción Física:
231 p. : taules i gràfics; 30 cm
MARC
| LEADER | 00000nam a2200000Ia 4500 | ||
|---|---|---|---|
| 001 | 24097 | ||
| 008 | 160829s2003 xx 000 0 cat d | ||
| 017 | |a DL 16,216-2003 | ||
| 080 | |a Bib-153 | ||
| 245 | |a Informe territorial de la província de Barcelona 2001 : |b avanç 2002 | ||
| 260 | |a Barcelona : |b Cambra de Comerç de Barcelona, |c 2003 | ||
| 300 | |a 231 p. : |b taules i gràfics; |c 30 cm | ||
| 650 | |a Barcelona (Província) |x Estadístiques |9 42564 | ||
| 650 | 0 | |a Indicadors econòmics |z Barcelona (Catalunya) |9 4848 | |
| 710 | 1 | |a Barcelona (Catalunya : Província). |b Diputació |9 52408 | |
| 710 | 2 | |a Cambra Oficial de Comerç, Indústria i Navegació de Barcelona |9 55031 | |
| 901 | |a Arxiu | ||
| 942 | |n 1 | ||
| 952 | |0 0 |1 0 |4 0 |6 BIB153 |7 1 |9 55665 |a Arxiu |b Arxiu |d 2016-12-01 |l 0 |o Bib-153 |p 24097 |r 2016-12-01 00:00:00 |w 2016-12-01 |y ARXIU | ||
| 999 | |c 59538 |d 59538 | ||